书目信息 |
| 题名: |
小说艺术论
|
|
| 作者: | 马振方 著 | |
| 分册: | ||
| 出版信息: | 北京 北京大学出版社 1999.01 |
|
| 页数: | 336页 | |
| 开本: | 20cm | |
| 丛书名: | 北京大学文艺美学精选丛书 | |
| 单 册: | ||
| 中图分类: | I054 | |
| 科图分类: | ||
| 主题词: | 小说--文学理论 | |
| 电子资源: | ||
| ISBN: | 7-301-01265-9 | |
| 000 | 00641nam0 2200229 45 | |
| 001 | 0311171690 | |
| 005 | 20031219104121.7 | |
| 010 | @a7-301-01265-9@dCNY19.00 | |
| 100 | @a20031117d1999 km y0chiy0120 ea | |
| 101 | 0 | @achi |
| 105 | @a z 000yy | |
| 200 | 1 | @a小说艺术论@AXiao Shuo Yi Shu Lun@f马振方著@FMa Zhen Fang Zhu |
| 205 | @a2版 | |
| 210 | @a北京@c北京大学出版社@d1999.01 | |
| 215 | @a336页@d20cm | |
| 225 | @a北京大学文艺美学精选丛书 | |
| 410 | @12001 @a北京大学文艺美学精选丛书 | |
| 606 | 0 | @a小说@x文学理论 |
| 690 | @aI054@v4 | |
| 701 | 0 | @a马振方@4著 |
| 801 | @aCN@bTSTC@c20031117 | |
| 905 | @b328377-381@dI054@e101=2@f5 | |
| 小说艺术论/马振方著.-2版.-北京:北京大学出版社,1999.01 |
| 336页;20cm.-(北京大学文艺美学精选丛书) |
| ISBN 7-301-01265-9:CNY19.00 |
| ● |
| 相关链接 |
|
|
|
|
正题名:小说艺术论
索取号:I054/101=2
 
预约/预借
| 序号 | 登录号 | 条形码 | 馆藏地/架位号 | 状态 | 备注 |
| 1 | 0328377 | 203283776 | 第二借阅区/ [索取号:I054/101=2] | 在馆 | |
| 2 | 0328378 | 203283785 | 第二借阅区/ [索取号:I054/101=2] |
已借出,限还日期为2011.08.22 借出人:李雪梅 |
|
| 3 | 0328379 | 203283794 | 第二借阅区/ [索取号:I054/101=2] | 在馆 | |
| 4 | 0328380 | 203283801 | 第二借阅区/ [索取号:I054/101=2] | 在馆 | |
| 5 | 0328381 | 203283810 | 第一样本阅览室/ [索取号:I054/101=2] | 在馆 |